00504nam a2200169 450000500170000001000150001702000260003203500140005803700130007208200140008510000190009924500790011826000350019727000630023230000200029550000190031520190529163029.0 aENG-125392 c199.00a9788170948834 aEN-108924 bDBAD/PUB a346.42054 aTalwar, Rajesh aMaking your own will:cby Rajesh Talwarbhow to do it why you should do it aNew DelhibVision Books c2015 a24 Feroze Gandhi Road, Lajpat Nagar 3, bNew Delhie110024 a120pc22cm(pbk) aincludes index